<?xml version="1.0" encoding="UTF-8"?>
<record
    xmlns:xsi="http://www.w3.org/2001/XMLSchema-instance"
    xsi:schemaLocation="http://www.loc.gov/MARC21/slim http://www.loc.gov/standards/marcxml/schema/MARC21slim.xsd"
    xmlns="http://www.loc.gov/MARC21/slim">

  <leader>01743cam a22002895a 4500</leader>
  <controlfield tag="003">AR-RoUNCS</controlfield>
  <controlfield tag="005">20260507151450.0</controlfield>
  <controlfield tag="007">ta</controlfield>
  <controlfield tag="008">070305s2009    ag |||||r    |00| f spa d</controlfield>
  <datafield tag="020" ind1=" " ind2=" ">
    <subfield code="a">9789505812738</subfield>
  </datafield>
  <datafield tag="040" ind1=" " ind2=" ">
    <subfield code="a">AR-RoUNCS</subfield>
    <subfield code="b">spa</subfield>
    <subfield code="c">AR-RoUNCS</subfield>
  </datafield>
  <datafield tag="041" ind1="1" ind2=" ">
    <subfield code="a">spa</subfield>
    <subfield code="h">eng</subfield>
  </datafield>
  <datafield tag="080" ind1="1" ind2=" ">
    <subfield code="a">82-31(410)</subfield>
  </datafield>
  <datafield tag="100" ind1="1" ind2=" ">
    <subfield code="a">Carroll, Lewis,</subfield>
    <subfield code="d">1832-1898</subfield>
    <subfield code="e">autor</subfield>
  </datafield>
  <datafield tag="245" ind1="1" ind2="0">
    <subfield code="a">Cuando Alicia atraves&#xF3; el espejo / </subfield>
    <subfield code="c">Lewis Carroll ; traducci&#xF3;n Graciela Montes ; ilustraciones Gustavo Rold&#xE1;n.</subfield>
  </datafield>
  <datafield tag="250" ind1=" " ind2=" ">
    <subfield code="a">1a ed.</subfield>
  </datafield>
  <datafield tag="260" ind1=" " ind2=" ">
    <subfield code="a">Buenos Aires : </subfield>
    <subfield code="b">Colihue,</subfield>
    <subfield code="c">i2009.</subfield>
  </datafield>
  <datafield tag="300" ind1=" " ind2=" ">
    <subfield code="a">155 p. : </subfield>
    <subfield code="b">ils. ; </subfield>
    <subfield code="c">24 cm.</subfield>
  </datafield>
  <datafield tag="490" ind1=" " ind2=" ">
    <subfield code="a">Los Libros de Boris</subfield>
  </datafield>
  <datafield tag="505" ind1="0" ind2=" ">
    <subfield code="a">La casa del espejo -- El jard&#xED;n de las flores vivientes -- Los insectos de la Casa del Espejo -- Carabirul&#xED;n y Carabirul&#xE1;n -- Lana y agua -- Pep&#xED;n Cascar&#xF3;n -- El le&#xF3;n y el unicornio -- Es un invento m&#xED;o -- La Reina Alicia -- Sacudiendo -- Despert&#xE1;ndose -- &#xBF;Qui&#xE9;n fue el que lo so&#xF1;&#xF3;?.-</subfield>
  </datafield>
  <datafield tag="520" ind1=" " ind2=" ">
    <subfield code="a">&#x201C;&#xA1;Te juro! Va a ser bastante f&#xE1;cil pasar al otro lado&#x2026; Cuando Alicia dijo esto ya estaba trepada a la repisa de la chimenea, aunque casi no recordaba c&#xF3;mo hab&#xED;a hecho para llegar hasta all&#xED;. Y era cierto que el vidrio estaba empezando a disolverse como una brillante bruma de plata. Un instante despu&#xE9;s Alicia hab&#xED;a atravesado el vidrio y hab&#xED;a aterrizado de un salto en la habitaci&#xF3;n del espejo. Lo primero que hizo fue mirar para ver si en el lugar hab&#xED;a fuego encendido, y se alegr&#xF3; al descubrir que hab&#xED;a un fuego de verdad, que brillaba tanto como el que acababa de dejar atr&#xE1;s.&#x201D;</subfield>
  </datafield>
  <datafield tag="650" ind1=" " ind2="7">
    <subfield code="2">embne</subfield>
    <subfield code="a">Literatura inglesa</subfield>
  </datafield>
  <datafield tag="655" ind1=" " ind2="7">
    <subfield code="2">embne</subfield>
    <subfield code="a">Novelas cortas</subfield>
  </datafield>
  <datafield tag="700" ind1=" " ind2=" ">
    <subfield code="a">Montes, Graciela</subfield>
    <subfield code="e">tr.</subfield>
  </datafield>
  <datafield tag="700" ind1=" " ind2=" ">
    <subfield code="a">Rold&#xE1;n, Gustavo</subfield>
    <subfield code="e">il.</subfield>
  </datafield>
  <datafield tag="942" ind1=" " ind2=" ">
    <subfield code="2">udc</subfield>
    <subfield code="c">OG</subfield>
    <subfield code="n">0</subfield>
  </datafield>
  <datafield tag="999" ind1=" " ind2=" ">
    <subfield code="c">984</subfield>
    <subfield code="d">984</subfield>
  </datafield>
  <datafield tag="952" ind1=" " ind2=" ">
    <subfield code="0">0</subfield>
    <subfield code="1">0</subfield>
    <subfield code="2">udc</subfield>
    <subfield code="4">0</subfield>
    <subfield code="7">0</subfield>
    <subfield code="8">CG</subfield>
    <subfield code="a">ESOCIALES</subfield>
    <subfield code="b">ESOCIALES</subfield>
    <subfield code="d">2026-04-14</subfield>
    <subfield code="l">1</subfield>
    <subfield code="o">82-31(410) C319</subfield>
    <subfield code="p">000175</subfield>
    <subfield code="r">2026-05-07 15:10:17</subfield>
    <subfield code="s">2026-04-14</subfield>
    <subfield code="w">2026-04-14</subfield>
    <subfield code="y">OG</subfield>
  </datafield>
</record>
